Caries radicular : (Registro nro. 5621)
[ vista simple ]
| 000 -LEADER | |
|---|---|
| fixed length control field | 01726nam a2200265 4500 |
| 003 - CONTROL NUMBER IDENTIFIER | |
| control field | co-ctgcurn |
| 005 - DATE AND TIME OF LATEST TRANSACTION | |
| control field | 20250329165503.0 |
| 007 - PHYSICAL DESCRIPTION FIXED FIELD--GENERAL INFORMATION | |
| fixed length control field | ta |
| 008 - FIXED-LENGTH DATA ELEMENTS--GENERAL INFORMATION | |
| fixed length control field | 190415s2021 000 0 eng d |
| 040 ## - CATALOGING SOURCE | |
| Original cataloging agency | CO-CtgCURN |
| Language of cataloging | spa |
| Transcribing agency | coctgcurn |
| 082 0# - DEWEY DECIMAL CLASSIFICATION NUMBER | |
| Classification number | ODO 2021 |
| Item number | P295 |
| 100 1# - MAIN ENTRY--PERSONAL NAME | |
| Personal name | Paternina Vergara, Pedro Javier. |
| 245 10 - TITLE STATEMENT | |
| Title | Caries radicular : |
| Remainder of title | revisión de literatura / |
| Statement of responsibility, etc. | Pedro Javier Paternina Vergara; Karen Aurora Martínez Blanco; directora Natalia Fortich Mesa. |
| 260 ## - PUBLICATION, DISTRIBUTION, ETC. | |
| Date of publication, distribution, etc. | 2021. |
| 260 #1 - PUBLICATION, DISTRIBUTION, ETC. | |
| Place of publication, distribution, etc. | Cartagena de Indias : : |
| Name of publisher, distributor, etc. | Corporación Universitaria Rafael Nuñez,, |
| Date of publication, distribution, etc. | 2021. |
| 300 ## - PHYSICAL DESCRIPTION | |
| Extent | 35 hojas. |
| 504 ## - BIBLIOGRAPHY, ETC. NOTE | |
| Bibliography, etc. note | Trabajo de grado (Odontologo).Corporación Universitaria Rafael Núñez. Facultad de Ciencias de Salud. Programa de Odontología, 2021. |
| 520 ## - SUMMARY, ETC. | |
| Summary, etc. | "El proceso de caries dental comienza con la pérdida de iones de calcio de los cristales de hidroxiapatita, superficiales que forman la mayor parte del esmalte dental. En circunstancias normales, esta pérdida de calcio y fosfato (desmineralización) se compensa con la absorción de nuevamente de estos iones (remineralización). Este proceso dinámico de desmineralización y remineralización tiene lugar de manera más o menos continua e igualitaria en un ambiente oral favorable . " |
| 650 14 - SUBJECT ADDED ENTRY--TOPICAL TERM | |
| Topical term or geographic name entry element | Odontología |
| Form subdivision | Tesis y disertaciones academicas. |
| 700 1# - ADDED ENTRY--PERSONAL NAME | |
| Personal name | Martínez Blanco, Karen Aurora. |
| 700 1# - ADDED ENTRY--PERSONAL NAME | |
| Personal name | Fortich Mesa, Natalia, |
| Relator term | investigadora principal. |
| 856 ## - ELECTRONIC LOCATION AND ACCESS | |
| Uniform Resource Identifier | <a href="https://unicurn.sharepoint.com/:b:/s/biblioteca/ETxe73WE-5pJiXUPd1in7EEBte38aJJvd0B9G45xiyDJjQ?e=d6HhKt">https://unicurn.sharepoint.com/:b:/s/biblioteca/ETxe73WE-5pJiXUPd1in7EEBte38aJJvd0B9G45xiyDJjQ?e=d6HhKt</a> |
| Public note | Click aqui para ver el recurso en texto completo |
| 942 ## - ADDED ENTRY ELEMENTS (KOHA) | |
| Source of classification or shelving scheme | Dewey Decimal Classification |
| Institution code [OBSOLETE] | TG |
| Koha item type | Trabajos de grado |
| Classification part | ODO 2021 |
| Item part | P295 |
| Withdrawn status | Lost status | Source of classification or shelving scheme | Damaged status | Not for loan | Collection | Home library | Current library | Shelving location | Date acquired | Source of acquisition | Cost, normal purchase price | Inventory number | Total checkouts | Full call number | Barcode | Date last seen | Price effective from | Koha item type |
|---|---|---|---|---|---|---|---|---|---|---|---|---|---|---|---|---|---|---|
| Dewey Decimal Classification | Trabajos de grado | Miguel Henríquez Emiliani | Miguel Henríquez Emiliani | Trabajo de grado | 06/01/2021 | El autor | 350000.00 | 024121 | ODO 2021 P295 | 024121 | 03/29/2025 | 03/29/2025 | Libros |